000 01074nam0a22003011 4500
001 v19\rc\1864478
005 20251118180208.5
035 _a(NLR Aleph) 004957119
090 _a5944386
_c5944386
100 _a20080221d1909 |||y0rusy50 ca
101 0 _arus
102 _aRU
105 _ay z |||||
200 1 _aСеменная выставка
_eОтчет по 3 очеред. Семен. выст. 1909 г. в г. Харькове
_f[Сост. Секретарь Распоряд. ком. Н.С. Барабошкин]
_gХарьк. о-во сел. хоз-ва
210 _aХарьков
_d1909
215 _a63 с.
_d26
702 1 _aБарабошкин
_bН. С.
_gНиколай Семенович
_4220
710 1 2 _aХарьковская семенная выставка
_d3
_f1909
801 0 _aRU
_bNLR
_gpsbo
801 0 _aRU
_bRuMoRGB
_2psbo
801 1 _aRU
_bProSoft-M
_2rusmarc
852 _aNLR
_j37.56.3.383
852 _aNLR
_j19.48.4.19
899 _aRuMoRGB
_jM 99/779
899 _aRuMoRGB
_jJ 93/262
899 _aБАН
942 _cBOOK
980 _aNB